| 000 | 01970cam a22001934a 4500 | ||
|---|---|---|---|
| 005 | 20250605164030.0 | ||
| 008 | 250528s ||||||||||||||||||||||||d | ||
| 035 | _a16617 | ||
| 040 |
_aGR-AtMCL _bgre _dGR-AtMCL _eAACR2 |
||
| 245 | 1 | _aΗ Γλώσσα του Κινηματογράφου | |
| 260 |
_bΚάλβος, _c1984 |
||
| 300 | _a376 | ||
| 505 | 0 | _aΕισαγωγή, Οι Βασικοί Χαρακτήρες της Κινηματογραφικής Εικόνας, Ο Δημιουργικός Ρόλος της Μηχανής Λήψης, Τηα Μη Ιδιαίτερα Κινηματογραφικά Στοιχεία, Οι Ελλείψεις, Οι Συνδέσεις, Μεταφορές και Σύμβολα, Τα Ηχητικά Φαινόμενα, Το Μοντάζ, Το Βάθος Πεδίου, Οι Δίάλογοι, Οι Δευτερεύουσες Αφηγηματικές Μέθοδοι, Ο Χώρος, Ο Χρόνος, Συμπεράσματα, Συμπλήρωμα, Ηποσημειώσεις, Γλωσσάριο, Λεζάντες Εικόνων, Βιβλιογραφία, Εικόνες. | |
| 520 | _aΕισαγωγή, Οι Βασικοί Χαρακτήρες της Κινηματογραφικής Εικόνας, Ο Δημιουργικός Ρόλος της Μηχανής Λήψης, Τηα Μη Ιδιαίτερα Κινηματογραφικά Στοιχεία, Οι Ελλείψεις, Οι Συνδέσεις, Μεταφορές και Σύμβολα, Τα Ηχητικά Φαινόμενα, Το Μοντάζ, Το Βάθος Πεδίου, Οι Δίάλογοι, Οι Δευτερεύουσες Αφηγηματικές Μέθοδοι, Ο Χώρος, Ο Χρόνος, Συμπεράσματα, Συμπλήρωμα, Ηποσημειώσεις, Γλωσσάριο, Λεζάντες Εικόνων, Βιβλιογραφία, Εικόνες. | ||
| 700 | 1 |
_aΜαρτέν Μαρσέλ _92701 |
|
| 942 | _cBK | ||
| 999 |
_c2096 _d2096 |
||